004560000a220015700045001000020000007000025000202450079000456500020001246500024001446500021001686500015001896510013002046510014002170410013002317730054002441 aCavelier, Jaime1 aGoldstein, Guillermo10aMist and fog interception in elfin cloud forests in Colombia and Venezuela14aBosques fríos14aNacimientos de agua14aBosques montanos14aEpífitas 4pColombia 4pVenezuela0 aInglés1 tJournal of Tropical Ecology312h5q309-322d1989